A történelemtanítás pálfordulása 2. Az általános iskolában /
Elmentve itt :
| Szerző: | |
|---|---|
| Dokumentumtípus: | Cikk |
| Megjelent: |
1989-08-18
|
| Sorozat: | Délmagyarország
79 No. 194 |
| Kulcsszavak: | Ferenczy Valéria, Molnárné |
| Online Access: | http://dmarchiv.bibl.u-szeged.hu/93728 |
| LEADER | 00518nab a2200157 i 4500 | ||
|---|---|---|---|
| 001 | delm93728 | ||
| 005 | 20190920140215.0 | ||
| 008 | 190920s1989 hu o 0|| hun d | ||
| 040 | |a SZTE Délmagyarország Archívum |b hun | ||
| 041 | |a hun | ||
| 100 | 1 | |a Podmaniczky Szilárd | |
| 245 | 1 | 2 | |a A történelemtanítás pálfordulása 2. |h [elektronikus dokumentum] : |b Az általános iskolában / |c Podmaniczky Szilárd |
| 260 | |c 1989-08-18 | ||
| 300 | |a 5 | ||
| 490 | 0 | |a Délmagyarország |v 79 No. 194 | |
| 695 | |a Ferenczy Valéria, Molnárné | ||